Benjamin Paul Akers, St. Elizabeth of Hungary
Given the fact that Benjamin Paul Akers was a Protestant working at a time when nativist and anti-Catholic sentiments ran high in the United States, his choice to depict a miracle performed by an Eastern European saint seems peculiar, as does the popularity of his sculpture.
| Main Author: | |
|---|---|
| Format: | Electronic Article |
| Language: | English |
| Check availability: | HBZ Gateway |
| Interlibrary Loan: | Interlibrary Loan for the Fachinformationsdienste (Specialized Information Services in Germany) |
| Published: |
2013
|
| In: |
Conversations
Year: 2014 |
| Further subjects: | B
Benjamin Paul Akers
B Sculpture B Roman Catholicism B Saints B Protestantism B Saint Elizabeth of Hungary |
| Online Access: |
Volltext (kostenfrei) Volltext (kostenfrei) |
MARC
| LEADER | 00000caa a2200000 c 4500 | ||
|---|---|---|---|
| 001 | 1801413320 | ||
| 003 | DE-627 | ||
| 005 | 20220912153614.0 | ||
| 007 | cr uuu---uuuuu | ||
| 008 | 220511s2013 xx |||||o 00| ||eng c | ||
| 024 | 7 | |a 10.22332/con.obj.2014.17 |2 doi | |
| 035 | |a (DE-627)1801413320 | ||
| 035 | |a (DE-599)KXP1801413320 | ||
| 040 | |a DE-627 |b ger |c DE-627 |e rda | ||
| 041 | |a eng | ||
| 084 | |a 0 |2 ssgn | ||
| 100 | 1 | |e VerfasserIn |0 (DE-588)1123982864 |0 (DE-627)877642206 |0 (DE-576)482220007 |4 aut |a Lessing, Lauren | |
| 109 | |a Lessing, Lauren |a Lessing, Lauren K. |a Lessing, Lauren Keach | ||
| 245 | 1 | 0 | |a Benjamin Paul Akers, St. Elizabeth of Hungary |
| 264 | 1 | |c 2013 | |
| 300 | |a 4 | ||
| 336 | |a Text |b txt |2 rdacontent | ||
| 337 | |a Computermedien |b c |2 rdamedia | ||
| 338 | |a Online-Ressource |b cr |2 rdacarrier | ||
| 520 | |a Given the fact that Benjamin Paul Akers was a Protestant working at a time when nativist and anti-Catholic sentiments ran high in the United States, his choice to depict a miracle performed by an Eastern European saint seems peculiar, as does the popularity of his sculpture. | ||
| 601 | |a Benjamin | ||
| 650 | 4 | |a Saint Elizabeth of Hungary | |
| 650 | 4 | |a Benjamin Paul Akers | |
| 650 | 4 | |a Protestantism | |
| 650 | 4 | |a Roman Catholicism | |
| 650 | 4 | |a Saints | |
| 650 | 4 | |a Sculpture | |
| 773 | 0 | 8 | |i Enthalten in |t Conversations |d New Haven : Yale University, 2014 |g (2014) |h Online-Ressource |w (DE-627)1801184933 |w (DE-600)3118361-X |x 2475-241X |7 nnas |
| 773 | 1 | 8 | |g year:2014 |g extent:4 |
| 856 | 4 | 0 | |u https://mavcor.yale.edu/sites/default/files/article_pdf/lessing_lauren.pdf |x Verlag |z kostenfrei |3 Volltext |7 0 |
| 856 | 4 | 0 | |u https://doi.org/10.22332/con.obj.2014.17 |x Resolving-System |z kostenfrei |3 Volltext |7 0 |
| 951 | |a AR | ||
| ELC | |a 1 | ||
| LOK | |0 000 xxxxxcx a22 zn 4500 | ||
| LOK | |0 001 4132253325 | ||
| LOK | |0 003 DE-627 | ||
| LOK | |0 004 1801413320 | ||
| LOK | |0 005 20220511174756 | ||
| LOK | |0 008 220511||||||||||||||||ger||||||| | ||
| LOK | |0 040 |a DE-Tue135 |c DE-627 |d DE-Tue135 | ||
| LOK | |0 092 |o n | ||
| LOK | |0 852 |a DE-Tue135 | ||
| LOK | |0 852 1 |9 00 | ||
| LOK | |0 935 |a ixzs |a rwrk | ||
| LOK | |0 939 |a 11-05-22 |b l01 | ||
| OAS | |a 1 | ||
| ORI | |a SA-MARC-ixtheoa001.raw | ||
| REL | |a 1 | ||
| SUB | |a REL | ||



